[Event "HUN-chT"]
[Site "HUN"]
[Date "1992.??.??"]
[Round "6"]
[White "Nogradi, Vilmos"]
[Black "Letay, Gyula"]
[Result "1/2-1/2"]
[WhiteElo "2250"]
[BlackElo "2270"]

1.e4 d5 2.exd5 Qxd5 3.Nc3 Qd8 4.Nf3 g6 5.d4 Bg7 6.Be3 Nh6 7.Bd3 Nf5 8.Bxf5 Bxf5
9.Qd2 c6 10.Bh6 Bxh6 11.Qxh6 Nd7 12.Qg7 Rf8 13.O-O-O Qc7 14.Rhe1 O-O-O 15.Rxe7 Qf4+
16.Kb1 Be6 17.d5 cxd5 18.Nb5 Qb4 19.Qc3+ Qxc3 20.Nxc3 Nf6 21.Nd4 Rde8 22.Rxe8+ Rxe8
23.Ncb5 Kb8 24.Re1 h6 25.f3 a6 26.Nd6 Rd8 27.Nxe6 Rxd6 28.Nd4 Rd7 29.c3 Kc7
30.Kc2 Kd6 31.Kd3 Rd8 32.Re3 Nd7 33.Re2 Nc5+ 34.Kd2 Ne6 35.Nb3 Nf4 36.Rf2 Ne6
37.g3 b6 38.f4 Nc5 39.Nxc5 bxc5 40.f5 g5 41.Re2 Rg8 42.h3 a5 43.Kd3 a4 44.a3 h5
45.Re1 g4 46.h4 Rh8 47.Re2 Rg8 48.Re1 Rh8 49.Re2  1/2-1/2

[Event "JUG-ch"]
[Site "Kladovo"]
[Date "1992.??.??"]
[Round "7"]
[White "Kontic, Djordje"]
[Black "Jovanovic, Sasa T"]
[Result "1-0"]
[WhiteElo "2375"]
[BlackElo "2340"]

1.e4 d5 2.exd5 Qxd5 3.Nc3 Qd8 4.d4 Nf6 5.Be2 Bf5 6.Nf3 e6 7.Ne5 Nbd7 8.O-O Nxe5
9.dxe5 Nd7 10.Be3 c6 11.f4 Bc5 12.Bxc5 Nxc5 13.g4 Qb6 14.gxf5 Nb3+ 15.Kh1 Rd8
16.Bd3 Nxa1 17.fxe6 Qxb2 18.exf7+ Kf8 19.Qxa1 Qxa1 20.Rxa1 Rd4 21.Ne2 Ra4
22.e6 Ke7 23.f5 g5 24.Nc3 Ra5 25.Rf1 h6 26.Bc4  1-0

[Event "Pamplona"]
[Site "Pamplona"]
[Date "1992.??.??"]
[Round "2"]
[White "Lautier, Joel"]
[Black "Sokolov, Ivan"]
[Result "1-0"]
[WhiteElo "2580"]
[BlackElo "2625"]

1.e4 d5 2.exd5 Qxd5 3.Nc3 Qd8 4.d4 Nf6 5.Bg5 Nbd7 6.Nf3 h6 7.Bh4 a6 8.Bd3 e6
9.Qe2 Be7 10.O-O-O c5 11.d5 exd5 12.Rhe1 d4 13.Bc4 Kf8 14.Nxd4 cxd4 15.Rxd4 g5
16.Bg3 Bc5 17.Rd3 b5 18.Bd5 Ra7 19.Ne4 Nxd5 20.Rxd5 Be7 21.Qe3 Rb7 22.Bd6 Kg8
23.Bxe7 Qxe7 24.Qc3 Kh7 25.Rxd7 Rxd7 26.Nf6+ Qxf6 27.Qxf6 Rhd8 28.f3 Bb7
29.b3  1-0

[Event "Rubinstein mem"]
[Site "Polanica Zdroj"]
[Date "1992.??.??"]
[Round "1"]
[White "Kaminski, Marcin"]
[Black "Dorfman, Josif D"]
[Result "0-1"]
[WhiteElo "2440"]
[BlackElo "2610"]

1.e4 d5 2.exd5 Qxd5 3.Nc3 Qd8 4.d4 Nf6 5.Bg5 c6 6.Qd2 Bf5 7.Nf3 e6 8.Bd3 Bxd3
9.Qxd3 Nbd7 10.O-O Be7 11.Ne2 O-O 12.c4 Re8 13.Nc3 Qa5 14.Rfe1 Rad8 15.Qc2 h6
16.Bh4 c5 17.Rad1 cxd4 18.Nxd4 a6 19.Nb3 Qc7 20.Ne4 Rc8 21.Rc1 Nxe4 22.Qxe4 Bxh4
23.Qxh4 Ne5 24.Red1 Red8 25.Rxd8+ Rxd8 26.h3 Rd7 27.Qg3 Nd3 28.Qxc7 Rxc7
29.Rd1 Nxb2 30.Rd8+ Kh7 31.c5 Na4 32.Rb8 Kg6 33.g3 Nxc5 34.Nxc5 Rxc5 35.Rxb7 Rc2
36.a3 Rc3 37.a4 Rc4 38.a5 Rc5 39.Kg2 Rxa5 40.Ra7 Kf6 41.h4 g5 42.hxg5+ hxg5
43.g4 Ra3 44.f3 a5  0-1

[Event "ROM-chT"]
[Site "?"]
[Date "1992.??.??"]
[Round "?"]
[White "Dan, S."]
[Black "Teodorescu, Margareta"]
[Result "1/2-1/2"]
[WhiteElo "2015"]
[BlackElo "2080"]

1.e4 d5 2.exd5 Qxd5 3.Nc3 Qd6 4.d4 Nf6 5.h3 a6 6.Nf3 Bf5 7.Bc4 e6 8.O-O Be7
9.Re1 O-O 10.Nh4 Bg6 11.Nxg6 hxg6 12.Ne2 Nc6 13.Bf4 Qd7 14.c3 Rad8 15.b4 Nd5
16.Bxd5 exd5 17.Qd3 Bf6 18.Qg3 Rc8 19.Nc1 Nd8 20.Nd3 Ne6 21.Re2 b6 22.Rae1 Rfe8
23.Ne5 Bxe5 24.Rxe5 b5 25.Bd2 c6 26.h4 Nf8 27.Qd3 Rxe5 28.Rxe5 Re8 29.f4 Rxe5
30.fxe5 Qg4 31.Bg5 Ne6 32.Qd2 Kf8 33.Kh2 Qf5 34.g3 Ke8 35.Be3 Qf3 36.Bg5 Kd7
37.Be3 Nc7 38.Bg5 Na8 39.Qf4 Qxf4 40.Bxf4 Ke6 41.Kg2 Nb6 42.Kf3 Na4 43.Bd2 Kf5
44.g4+ Ke6 45.Kf4 Nb2 46.h5 gxh5 47.gxh5 f6 48.exf6 Kxf6 49.Kg4 Nd1 50.Bg5+ Ke6
51.Bd2 Nf2+ 52.Kf4 Ne4 53.Be1 Kf6 54.Bh4+ Ke6 55.Be1  1/2-1/2

[Event "Toronto op3"]
[Site "Toronto"]
[Date "1992.??.??"]
[Round "4"]
[White "Angelov, Georgi"]
[Black "Bekefi, Laszlo"]
[Result "1/2-1/2"]
[WhiteElo "2210"]
[BlackElo "2300"]

1.e4 d5 2.exd5 Qxd5 3.Nc3 Qd6 4.d4 Nf6 5.Bd3 c6 6.Nge2 Bg4 7.f3 Bh5 8.Bf4 Qd8
9.Qd2 e6 10.O-O-O Nbd7 11.Ng3 Bg6 12.Nce4 Nb6 13.Be5 Be7 14.h4 Nxe4 15.Bxe4 f6
16.Bxg6+ hxg6 17.Qd3 Kf7 18.Bf4 Qd5 19.Kb1 Rad8 20.Ne4 Qc4 21.Qxc4 Nxc4 22.b3 Nb6
23.c4 Nc8 24.Kc2 Bb4 25.g4 Bd6 26.Nxd6+ Nxd6 27.Bg3 b6 28.Rhe1 Nb7 29.Kc3 Rd7
30.Rd3 Rhd8 31.Red1 b5 32.a4 bxa4 33.bxa4 Na5 34.Kb4 Nb7 35.Kc3 c5 36.d5 e5
37.Rb1 Nd6 38.Re3 Re7 39.Kd3 Rde8 40.Be1 e4+ 41.fxe4 Rxe4 42.Rxe4 Rxe4 43.Rb7+ Kg8
44.Bf2 Rxg4 45.Rxa7 Nxc4 46.Ra8+ Kf7 47.Bxc5 Ne5+ 48.Ke2 Nd7 49.Ra7 Ke8 50.Ra8+ Kf7
51.Ra7 Ke8 52.Ra8+  1/2-1/2

[Event "Oberliga Wuert9192"]
[Site "Wuerttemberg"]
[Date "1992.??.??"]
[Round "?"]
[White "Birk, Steffen"]
[Black "Unrath, Heiko"]
[Result "1-0"]
[WhiteElo "2260"]
[BlackElo "2320"]

1.e4 d5 2.exd5 Qxd5 3.Nc3 Qd6 4.d4 Nf6 5.Bc4 c6 6.Nge2 Bf5 7.Bf4 Qb4 8.Bd3 Bxd3
9.Qxd3 e6 10.O-O-O Nbd7 11.Kb1 Nb6 12.a3 Qc4 13.Qf3 Be7 14.h4 Qa6 15.Rh3 Nc4
16.Bc1 Nd5 17.Nxd5 cxd5 18.Qg4 Rg8 19.Nf4 Rd8 20.Qh5 h6 21.Rf3 Rf8 22.Qg4 g6
23.Nh3 h5 24.Qf4 Rd6 25.Ng5 Rb6 26.Rb3 Rxb3 27.cxb3 Nd6 28.Nh7 Rh8 29.Nf6+ Kd8
30.Qe5 Re8 31.Nxe8 Kxe8 32.Bf4 Kd7 33.g3 Qb6 34.Qe3 Nf5 35.Qc3 Bf6 36.Rc1 Bxd4
37.Qc8+ Ke7 38.Bg5+ Kd6 39.Bf4+ e5 40.Qb8+ Ke6 41.Bg5 Nd6 42.Qf8 Qxb3 43.Qe7+ Kf5
44.Rc2 Qb6 45.f3 e4 46.Qd7+ Ke5 47.f4+  1-0

[Event "GER-ch"]
[Site "Bad Wildbad"]
[Date "1993.??.??"]
[Round "4"]
[White "Bastian, Herbert"]
[Black "Bezold, Michael"]
[Result "0-1"]
[WhiteElo "2300"]
[BlackElo "2490"]

1.e4 d5 2.exd5 Qxd5 3.Nc3 Qd6 4.d4 Nf6 5.Qd3 a6 6.Nf3 Nc6 7.Be3 Nb4 8.Qd2 Bf5
9.Rc1 e6 10.a3 Nbd5 11.Bd3 Bxd3 12.Qxd3 Be7 13.O-O O-O 14.Bd2 Nxc3 15.Qxc3 Qb6
16.Qc4 Qxb2 17.Rb1 b5 18.Rxb2 bxc4 19.a4 Nd5 20.Rb7 Bd6 21.Rfb1 h6 22.Ba5 Rfc8
23.Nd2 c5 24.Nxc4 Bf8 25.dxc5 Rxc5 26.Nb6 Nxb6 27.Bxb6 Rxc2 28.g3 a5 29.Rb5 Bb4
30.Ba7 Rd8 31.Kg2 Be1 32.Re7 Bb4 33.Reb7 Ra2 34.Bb6 Rdd2 35.Be3 Rd3 36.Bc5 Rdd2
37.Be3 Re2 38.Kf3 Be1 39.Bc5 Bxf2 40.Rxa5 Bxc5 41.Rxc5 Rxh2 42.a5 Ra3+ 43.Kf4 Rha2
44.Ra7 Kh7 45.g4 Re2 46.g5 Kg6 47.gxh6 e5+  0-1

[Event "GER-ch"]
[Site "Bad Wildbad"]
[Date "1993.??.??"]
[Round "6"]
[White "Hedke, Fred"]
[Black "Bastian, Herbert"]
[Result "0-1"]
[WhiteElo "2345"]
[BlackElo "2300"]

1.e4 d5 2.exd5 Qxd5 3.Nc3 Qd6 4.d4 Nf6 5.Nf3 a6 6.Be2 e6 7.O-O Be7 8.Qd3 Nbd7
9.g3 b5 10.Ng5 Bb7 11.Bf3 Bxf3 12.Qxf3 O-O 13.Rd1 h6 14.Nge4 Nxe4 15.Nxe4 Qd5
16.c3 Rfd8 17.Kg2 Ne5  0-1

[Event "Oberliga Bayern9394"]
[Site "Bayern"]
[Date "1993.??.??"]
[Round "?"]
[White "Seitz, Michael"]
[Black "Sattler, Stefan"]
[Result "1-0"]
[WhiteElo "2270"]
[BlackElo "2120"]

1.e4 d5 2.exd5 Qxd5 3.Nc3 Qd6 4.g3 Nf6 5.Bg2 Nc6 6.Nge2 e5 7.O-O Bf5 8.d3 Rd8
9.Bg5 Be7 10.f4 Qc5+ 11.Kh1 Ng4 12.Qd2 Ne3 13.Bxe7 Nxe7 14.Rf3 Nxg2 15.Kxg2 e4
16.Re3 Qc6 17.Kf2 O-O 18.d4 Rd6 19.Rg1 h5 20.h3 Rg6 21.b4 b6 22.b5 Qd7 23.a4 Rd8
24.h4 Kf8 25.Rd1 Ng8 26.Nxe4 Bxe4 27.Rxe4 Nf6 28.Re5 Ng4+ 29.Kg2 Nxe5 30.fxe5 Qd5+
31.Kh2 Qf3 32.Rg1 Rg4 33.c3 g5 34.e6 gxh4 35.e7+ Kxe7 36.Qe1 hxg3+ 37.Nxg3+ Re4
38.Qxe4+ Qxe4 39.Nxe4 Rd5 40.Kh3 Rf5 41.Rg5 Rf1 42.Kg2 Ra1 43.Re5+ Kd7 44.Rxh5 Rxa4
45.Kf3 a6 46.bxa6 Rxa6 47.Rf5 Ke7 48.Ke3 Ra1 49.Ng5 f6 50.Ne4 Rh1 51.Nxf6 Rh3+
52.Kd2 Ke6 53.Rh5 Rf3 54.Ne4 Kd7 55.Kc2 Kc6 56.Kb3 Rf4 57.Re5 Rf1 58.Kc4 Rb1
59.d5+ Kb7 60.Re7 Kb8 61.Ng5 Ra1 62.Ne6 Ra7 63.Re8+ Kb7 64.Nd8+ Ka6 65.Nc6 b5+
66.Kc5  1-0

[Event "Budapest FS06 IM"]
[Site "Budapest"]
[Date "1993.??.??"]
[Round "10"]
[White "Wegener, Dirk"]
[Black "Mozes, Ervin"]
[Result "0-1"]
[WhiteElo "2305"]
[BlackElo "2365"]

1.e4 d5 2.exd5 Qxd5 3.Nc3 Qd6 4.d4 a6 5.Bc4 Nf6 6.Nge2 b5 7.Bb3 Bb7 8.Bf4 Qd7
9.O-O e6 10.Qd3 c5 11.dxc5 Bxc5 12.Qg3 O-O 13.Rad1 Qc6 14.Be5 Kh8 15.Nf4 Nbd7
16.Nd3 Nxe5 17.Nxe5 Qe8 18.Ne2 Ne4 19.Qh3 Rd8 20.c3 Rxd1 21.Bxd1 f6 22.Nd3 Ba7
23.Bb3 e5 24.Nb4 a5 25.Bd5 Nxf2 26.Rxf2 Bc8 27.Qh4 g5 28.Qh6 axb4 29.cxb4 Qe7
30.a3 Rd8 31.Nc3 Be6 32.Kf1 Bxf2 33.Bxe6 Qxe6 34.Kxf2 Kg8 35.Kg1 Qb6+ 36.Kf1 Rd4
37.Qh3 Rf4+ 38.Ke1 Qf2+ 39.Kd1 Qf1+  0-1

[Event "Debrecen-C"]
[Site "Debrecen"]
[Date "1993.??.??"]
[Round "5"]
[White "Gal, Jozsef"]
[Black "Kovacs, Lajos D"]
[Result "1/2-1/2"]
[WhiteElo "2285"]
[BlackElo "2220"]

1.e4 d5 2.exd5 Qxd5 3.Nc3 Qd8 4.Bc4 Nf6 5.Nf3 e6 6.O-O Be7 7.d4 O-O 8.Bg5 Nbd7
9.a3 a6 10.Qe2 b5 11.Ba2 Bb7 12.Rad1 Nb6 13.Ne5 h6 14.Bh4 Nbd5 15.Nxd5 Nxd5
16.Bg3 Bd6 17.Qh5 Bxe5 18.dxe5 Qe7 19.c4 bxc4 20.Bxc4 Qc5 21.Be2 Qb6 22.Bf3 Rab8
23.Rd2 Ne7 24.Bxb7 Rxb7 25.Qd1 Nd5 26.Qg4 Rfb8 27.Bh4 Qc5 28.Qe2 Rb3 29.Qxa6 Rxb2
30.Rxb2 Rxb2 31.Qc8+ Kh7 32.Qe8 Kg6 33.Qa4 Qc2 34.Qxc2+ Rxc2 35.Re1 Nc3 36.g4 Na4
37.f4 c5 38.Rf1 c4 39.f5+ Kh7 40.Be1 Re2 41.fxe6 fxe6 42.Bb4 Rxe5 43.Rc1 Re4
44.h3 g5 45.Kf2 Kg6 46.Kf3 Rf4+ 47.Ke3 Nb6 48.Bd6 Nd5+ 49.Ke2 Re4+ 50.Kf2 c3
51.Bb4 Re3 52.Bd6 Rd3 53.a4 Rd2+ 54.Kf3 Ra2 55.Ke4 Rxa4+ 56.Ke5 Nf4 57.Rxc3 Ra5+
58.Ke4 Kf6 59.Bxf4 Ra4+ 60.Kf3 Rxf4+ 61.Ke3 Rf1 62.Ke2 Rh1 63.Re3 Rh2+ 64.Kd3 Ra2
65.Ke4 Ra4+ 66.Kf3 Ke7 67.Rd3 e5 68.Rb3 Rd4 69.Ke3 Ke6 70.Ra3 Rc4 71.Ra6+ Kd5
72.Rxh6 Rc3+ 73.Kd2 Rg3 74.h4 Ke4 75.hxg5 Rg2+ 76.Ke1 Rxg4 77.g6 Kd4 78.Rh2 Rg1+
79.Ke2 Rxg6 80.Rh4+ e4 81.Rh2 Ra6 82.Rh8 Ra2+ 83.Kd1 Kd3 84.Rd8+ Ke3 85.Rh8 Ra1+
86.Kc2 Rf1 87.Rc8 Kf3 88.Kd2 Rf2+ 89.Ke1 Rh2 90.Rc7 Ke3 91.Kd1 Rd2+ 92.Ke1 Rd4
93.Rh7 Rd3 94.Rh8 Rd7 95.Rh3+ Kd4 96.Ra3 Rh7 97.Rg3 Rh2 98.Ra3 Ke5 99.Kf1 Kf4
100.Ke1 Rg2 101.Rb3 Rc2 102.Ra3 Rc4 103.Ke2  1/2-1/2

[Event "Debrecen-C"]
[Site "Debrecen"]
[Date "1993.??.??"]
[Round "9"]
[White "Katona, Marton"]
[Black "Kovacs, Lajos D"]
[Result "1-0"]
[WhiteElo "2255"]
[BlackElo "2220"]

1.e4 d5 2.exd5 Qxd5 3.Nc3 Qd8 4.Bc4 Nf6 5.Nf3 e6 6.d4 c6 7.O-O Be7 8.Bg5 O-O
9.Qe2 b5 10.Bd3 Nbd7 11.Ne4 Bb7 12.Nxf6+ Nxf6 13.Bxf6 Bxf6 14.c3 g6 15.b4 a5
16.a3 Bg7 17.Ne5 Qd6 18.Bc2 Rfe8 19.f4 Re7 20.Rfe1 Rae8 21.Nd3 Qc7 22.Qe3 Kh8
23.Nc5 f6 24.bxa5 Bc8 25.Rf1 Qxa5 26.a4 bxa4 27.Rxa4 Qc7 28.Rb4 e5 29.dxe5 fxe5
30.f5 gxf5 31.Bxf5 Bxf5 32.Rxf5 Rf7 33.Rxf7 Qxf7 34.Ne4 Qg6 35.Rb1 Bh6 36.Qe2 Rf8
37.h3 Qf5 38.Rd1 Qf4  1-0

[Event "Dortmund op-A"]
[Site "Dortmund"]
[Date "1993.??.??"]
[Round "3"]
[White "Hedke, Fred"]
[Black "Nagrocka, Ewa"]
[Result "1-0"]
[WhiteElo "2320"]
[BlackElo "2160"]

1.e4 d5 2.exd5 Qxd5 3.Nc3 Qd6 4.d4 Nf6 5.Nf3 Bg4 6.Be2 c6 7.O-O Bxf3 8.Bxf3 e6
9.Ne4 Nxe4 10.Bxe4 Nd7 11.c3 Nf6 12.Bf3 Qc7 13.Qe2 Bd6 14.g3 h6 15.c4 O-O
16.b3 Rfe8 17.Be3 Rad8 18.Rfd1 Rd7 19.Rd3 Qd8 20.Rad1 a6 21.Qd2 Qe7 22.Qa5 Bc7
23.Qc3 Red8 24.b4 Qe8 25.a4 Bd6 26.Qb3 e5 27.dxe5 Bxe5 28.b5 axb5 29.cxb5 Rxd3
30.Rxd3 Rxd3 31.Qxd3 Qe6 32.a5 cxb5 33.Bxb7 Bc7 34.a6 Bb6 35.Bxb6 Qxb6 36.Qe3 Qc7
37.Bf3  1-0

[Event "Dortmund op-A"]
[Site "Dortmund"]
[Date "1993.??.??"]
[Round "8"]
[White "Koscielski, Janusch"]
[Black "Labahn, Wolfgang"]
[Result "1/2-1/2"]
[WhiteElo "2315"]
[BlackElo "2215"]

1.e4 d5 2.exd5 Qxd5 3.Nc3 Qd6 4.d4 Nf6 5.Bg5 a6 6.Nf3 Nbd7 7.Qd2 e6 8.Bf4 Qc6
9.a3 Be7 10.Bd3 b5 11.Ne5 Nxe5 12.Bxe5 Bb7 13.O-O-O b4 14.axb4 Bxb4 15.Bxf6 Bxc3
16.Qf4 gxf6 17.Qxf6 Rg8 18.bxc3 Qxc3 19.Rhe1 Qa3+  1/2-1/2

[Event "Eger"]
[Site "Eger"]
[Date "1993.??.??"]
[Round "3"]
[White "Krockenberger, Martin"]
[Black "Labahn, Wolfgang"]
[Result "1-0"]
[WhiteElo "2305"]
[BlackElo "2225"]

1.e4 d5 2.exd5 Qxd5 3.Nc3 Qd6 4.d4 Nf6 5.Bc4 a6 6.Nge2 b5 7.Bf4 Qb6 8.Bb3 Bb7
9.Qd3 Nbd7 10.a4 b4 11.a5 Qa7 12.Na4 Bxg2 13.Rg1 Be4 14.Qe3 e6 15.O-O-O Bd5
16.Qd3 c5 17.dxc5 Nxc5 18.Nxc5 Bxc5 19.Rxg7 Bxf2 20.Bg5 Be4 21.Qd6 Qe7 22.Ba4+ Kf8
23.Bxf6 Qxd6 24.Rxd6 Bg6 25.Rxg6  1-0

[Event "Elenite op"]
[Site "Elenite"]
[Date "1993.??.??"]
[Round "3"]
[White "Marholev, Dimitar"]
[Black "Panbukchian, Valentin"]
[Result "0-1"]
[WhiteElo "2255"]
[BlackElo "2425"]

1.e4 d5 2.exd5 Qxd5 3.Nc3 Qd6 4.d4 Nf6 5.Nf3 a6 6.Bc4 Bf5 7.Ne5 e6 8.Bf4 Nc6
9.Qf3 Qxd4 10.Nxc6 Qxc4 11.Na5 Qb4 12.Qxb7 Qxb7 13.Nxb7 Rb8 14.Na5 Rxb2 15.O-O Bb4
16.Rab1 Rxb1 17.Rxb1 Bxa5 18.Rb8+ Kd7 19.Rxh8 Bxc3 20.Ra8 a5 21.f3 Bxc2 22.g4 Nd5
23.Bc1 a4 24.h4 h6 25.a3 Bf6 26.g5 hxg5 27.hxg5 Bd4+ 28.Kg2 Ne3+ 29.Kg3 Nc4
30.Rf8 Nd6 31.Kg4 Kc6  0-1

[Event "Oberliga Nord W9293"]
[Site "Germany"]
[Date "1993.??.??"]
[Round "?"]
[White "Sawatzki, Frank"]
[Black "Lau, Dietmar"]
[Result "0-1"]
[WhiteElo "2260"]
[BlackElo "2235"]

1.e4 d5 2.exd5 Qxd5 3.Nc3 Qd8 4.d4 Nf6 5.Nf3 g6 6.h3 Bg7 7.Bc4 O-O 8.O-O Nc6
9.Re1 a6 10.a4 Nd7 11.d5 Na5 12.Ba2 b6 13.Bg5 Nf6 14.Qe2 h6 15.Bh4 Re8 16.Rad1 Nb7
17.Nd4 Nd6 18.g4 Bb7 19.Bg3 Qd7 20.Bb3 h5 21.f3 Kh8 22.Kh2 Kg8 23.Be5 Rad8
24.Rg1 hxg4 25.hxg4 c5 26.dxc6 Bxc6 27.Qd3 Nxg4+ 28.Rxg4 Bxe5+ 29.Kg1 e6
30.Kg2 Kg7 31.Rh1 Nf5 32.Nxf5+ exf5 33.Qxd7 Rxd7 34.Rgh4 Rd2+ 35.Kf1 Bg3
36.Rh7+ Kf6 37.Rxf7+ Kg5  0-1

[Event "Bundesliga 9293"]
[Site "Germany"]
[Date "1993.??.??"]
[Round "?"]
[White "Vogt, Lothar"]
[Black "Schindler, Werner"]
[Result "1-0"]
[WhiteElo "2530"]
[BlackElo "2300"]

1.e4 d5 2.exd5 Qxd5 3.Nc3 Qd6 4.Bc4 Nf6 5.d4 a6 6.Nf3 b5 7.Bb3 Nbd7 8.Ng5 e6
9.Qf3 Rb8 10.d5 Nc5 11.dxe6 Bxe6 12.O-O Be7 13.Bf4 Qb6 14.Be3 Bxb3 15.axb3 Qb7
16.Qf5 Ncd7 17.Rfd1 g6 18.Qh3 Rd8 19.Bd4 c5 20.Bxf6 Nxf6 21.Rxd8+ Bxd8 22.Re1+ Kf8
23.Qh6+ Kg8 24.h3 Be7 25.Nce4 Nxe4 26.Nxe4 Qc8 27.g4 Qe6 28.g5 Bf8 29.Qh4 Kg7
30.Qh6+ Kg8 31.Nf6+ Qxf6 32.Qxf8+ Kxf8 33.gxf6 g5 34.Re5 h6 35.Rxc5 Kg8 36.Rc8+ Kh7
37.Rxh8+ Kxh8 38.c4 Kg8 39.Kg2 Kf8 40.Kg3 Ke8 41.Kg4 Kd7 42.Kh5 Ke6 43.Kxh6 bxc4
44.bxc4 Kxf6 45.c5 a5 46.c6  1-0

[Event "Wichern op"]
[Site "Hamburg"]
[Date "1993.??.??"]
[Round "5"]
[White "Heinemann, Thies"]
[Black "Labahn, Wolfgang"]
[Result "0-1"]
[WhiteElo "2380"]
[BlackElo "2225"]

1.e4 d5 2.exd5 Qxd5 3.Nc3 Qd6 4.d4 Nf6 5.g3 Bg4 6.Qd3 Nc6 7.Nb5 Qd7 8.Bg2 a6
9.Na3 O-O-O 10.h3 Bf5 11.Qb3 e5 12.Bg5 exd4 13.O-O-O Na5 14.Bxb7+ Nxb7 15.Bxf6 gxf6
16.Ne2 d3 17.Qc4 Bxa3 18.Qxa6 Bxb2+ 19.Kxb2 Kb8 20.Nc3 Qd4  0-1

[Event "Wichern op"]
[Site "Hamburg"]
[Date "1993.??.??"]
[Round "7"]
[White "Blauert, Joerg"]
[Black "Labahn, Wolfgang"]
[Result "1/2-1/2"]
[WhiteElo "2400"]
[BlackElo "2225"]

1.e4 d5 2.exd5 Qxd5 3.Nc3 Qd6 4.d4 Nf6 5.Nf3 a6 6.Be3 e6 7.Qd2 Nbd7 8.Bf4 Qc6
9.a3 b5 10.d5 exd5 11.Nd4 Qb6 12.Qe2+ Kd8 13.O-O-O Bb7 14.Nf3 h6 15.Ne5 Qe6
16.Nxd7 Qxe2 17.Bxe2 Kxd7 18.Be5 c6 19.Bxf6 gxf6 20.Bg4+ Kc7 21.Bh5 Bc5 22.Bxf7 Rhf8
23.Bh5 Bxf2 24.Rhf1 Be3+ 25.Kb1 f5 26.Ne2 Rf6 27.Rd3 Bc5 28.Rdf3 Raf8 29.Bg4 Bc8
30.Ng3 Bd6 31.Nxf5 Bxf5 32.Rxf5 Rxf5 33.Rxf5 Rxf5 34.Bxf5 Bxh2 35.Kc1 Be5
36.c3 a5 37.Kc2 a4 38.Bg6 Kb6 39.Bf7 d4 40.cxd4 Bxd4 41.Be8 c5 42.Bd7 Be5
43.Be8 Ka5 44.Bd7 h5 45.Be8 h4 46.Bd7 b4 47.axb4+ Kxb4 48.Be6 c4 49.Bd7 Bf6  1/2-1/2

[Event "Harkany op"]
[Site "Harkany"]
[Date "1993.??.??"]
[Round "5"]
[White "Varga, Zoltan"]
[Black "Mozes, Ervin"]
[Result "1-0"]
[WhiteElo "2475"]
[BlackElo "2355"]

1.e4 d5 2.exd5 Qxd5 3.Nc3 Qd6 4.d4 Nf6 5.Bc4 a6 6.Bb3 Nc6 7.Nge2 e5 8.dxe5 Qxd1+
9.Nxd1 Nxe5 10.Bg5 Be7 11.Ne3 Bd7 12.Rd1 Rf8 13.Ng3 g6 14.Bxf6 Bxf6 15.Nd5 Bd8
16.O-O c6 17.Rfe1 f6 18.Nxf6+ Bxf6 19.f4 Bg4 20.Rd4 Rd8 21.Rxd8+ Bxd8 22.Rxe5+ Be7
23.h3 Bd7 24.Re4 Kd8 25.Kf2 Bd6 26.Kf3 g5 27.Nh5 Bf5 28.Rd4 Kc7 29.g4 Bd7
30.f5 Be5 31.Re4 Bxb2 32.Re7 Kd6 33.Rxh7 c5 34.Rh6+ Ke5 35.Ke2 Bb5+ 36.c4 Bd7
37.Bc2 Kd4 38.Rd6+ Kc3 39.Be4 Bc8  1-0

[Event "HUN-chT2"]
[Site "HUN"]
[Date "1993.??.??"]
[Round "?"]
[White "Szabo, Janos"]
[Black "Frink, Ferenc"]
[Result "1/2-1/2"]
[WhiteElo "2235"]
[BlackElo "2305"]

1.e4 d5 2.exd5 Qxd5 3.Nc3 Qd8 4.Nf3 Nf6 5.Be2 Nc6 6.d4 Bf5 7.Bf4 e6 8.O-O Bd6
9.Bxd6 cxd6 10.d5 exd5 11.Nxd5 O-O 12.c3 Be4 13.Nf4 Ne5 14.Nd4 Nd5 15.Nxd5 Bxd5
16.Nb5 Bc6 17.Qd2 d5  1/2-1/2

[Event "HUN-ch (Women)"]
[Site "HUN"]
[Date "1993.??.??"]
[Round "4"]
[White "Csoke, Adrienn"]
[Black "Horvath, Julia"]
[Result "1/2-1/2"]
[WhiteElo "2235"]
[BlackElo "2245"]

1.e4 d5 2.exd5 Qxd5 3.Nc3 Qd6 4.d4 g6 5.Nge2 Bg4 6.Bf4 Qxf4 7.Nxf4 Bxd1 8.Nxd1 e6
9.g3 Nc6 10.d5 exd5 11.Nxd5  1/2-1/2

[Event "Katerini GP"]
[Site "Katerini"]
[Date "1993.??.??"]
[Round "7"]
[White "Tzermiadianos, Andreas"]
[Black "Kotronias, Vasilios"]
[Result "0-1"]
[WhiteElo "2315"]
[BlackElo "2590"]

1.e4 d5 2.exd5 Qxd5 3.Nc3 Qd8 4.d4 Nf6 5.Nf3 Bg4 6.Be2 e6 7.h3 Bh5 8.O-O Be7
9.Ne5 Bxe2 10.Qxe2 O-O 11.Qb5 Qc8 12.d5 Na6 13.Be3 Nb4 14.Bg5 a6 15.Qe2 Nbxd5
16.Nxd5 exd5 17.Rfe1 Re8 18.Qf3 c6 19.Re2 Qe6 20.Ng6 Qd6 21.Nxe7+ Rxe7 22.Bxf6 Rxe2
23.Qxe2 Qxf6 24.Re1 g6 25.b3 c5 26.Qe7 Qc6 27.h4 h5 28.Re3 Rc8 29.Rf3 Rc7
30.Qd8+ Kg7 31.Re3 Qd7 32.Qb8 Qc8 33.Qxc8 Rxc8 34.Re7 b5 35.Rd7 d4 36.Rd6 c4
37.g3 d3  0-1

[Event "Katerini GP"]
[Site "Katerini"]
[Date "1993.??.??"]
[Round "8"]
[White "Sirigos, Nikolaos"]
[Black "Tzermiadianos, Andreas"]
[Result "0-1"]
[WhiteElo "2310"]
[BlackElo "2315"]

1.e4 d5 2.exd5 Qxd5 3.Nc3 Qd8 4.d4 Nf6 5.Bc4 a6 6.Nf3 b5 7.Bb3 c5 8.dxc5 Qxd1+
9.Nxd1 e6 10.c3 Bxc5 11.Be3 Nbd7 12.Bc2 a5 13.Nd4 b4 14.c4 O-O 15.Nb5 Bb7
16.f3 Rfc8 17.Bxc5 Rxc5 18.Ne3 Ne5 19.Nd6 Bc6 20.Kf2 Rb8 21.Rhd1 g5 22.Rd4 Kf8
23.h3 Ke7 24.Ng4 Nexg4+ 25.hxg4 Bd5 26.Bb3 Kxd6 27.cxd5 exd5 28.Rh1 Re8 29.Ba4 Re6
30.Bb3 Rc7 31.Rhd1 Re5 32.Ba4 h5 33.gxh5 Nxh5 34.Bb3 Rc5 35.g3 Ng7 36.Rh1 Nf5
37.Rd2 Ke6 38.Rh8 Nd6 39.Ra8 g4 40.Ra6 gxf3 41.Kxf3 Ke7 42.Ra7+ Ke6 43.Ra6 f6
44.Rh2 Rf5+ 45.Ke3 Rg5 46.Kf3 Ke5 47.g4 Ne4 48.Ra8 Kd4 49.Rd8 Rc1 50.Rc2 Rf1+
51.Ke2 Rf2+ 52.Kd1 Rxc2 53.Kxc2 Nf2 54.Ra8 Nxg4 55.Rxa5 Ne3+ 56.Kd2 Rg2+
57.Ke1 Kd3  0-1

[Event "Salo We SalSK"]
[Site "Salo"]
[Date "1993.??.??"]
[Round "5"]
[White "Maidla, Vallo"]
[Black "Henriksson, Christer"]
[Result "1-0"]
[WhiteElo "2360"]
[BlackElo "2365"]

1.e4 d5 2.exd5 Qxd5 3.Nc3 Qd8 4.d4 Nf6 5.Bg5 e6 6.Nf3 Be7 7.Bd3 Nbd7 8.Qe2 Nb6
9.O-O Nbd5 10.Nxd5 Nxd5 11.Bxe7 Qxe7 12.Rfe1 Bd7 13.Be4 c6 14.Ne5 Nf6 15.Bf3 O-O
16.c4 Rfd8 17.Rad1 Rab8 18.c5 Nd5 19.Nc4 Qg5 20.Nd6 Nc7 21.Qd3 Ne8 22.Nc4 g6
23.g3 Ng7 24.h4 Qf6 25.Be4 Nf5 26.Ne5 Be8 27.Bxf5 exf5 28.Qf3 Bd7 29.d5 cxd5
30.Rxd5 Bc6 31.Nxc6 bxc6 32.Rxd8+ Rxd8 33.b4 Kg7 34.Rd1 Rxd1+ 35.Qxd1 f4
36.Qd2 f3 37.Kh2 Qe5 38.Qe3 Qxe3 39.fxe3 Kf6 40.g4 Ke5 41.Kg3 Kd5 42.Kxf3 Kc4
43.a3 a6 44.Ke4 Kb3 45.Ke5 Kxa3 46.Kd6 Kxb4 47.Kxc6 a5 48.Kd5 a4 49.c6 a3
50.c7 a2 51.c8=Q a1=Q 52.Qb8+ Ka3 53.Qa8+ Kb2 54.Qxa1+ Kxa1 55.Ke5 Kb2 56.Kf6 Kc3
57.Kxf7 Kd3 58.Kg7 h5 59.g5  1-0

[Event "Wattens op"]
[Site "Wattens"]
[Date "1993.??.??"]
[Round "?"]
[White "Platzgummer, Peter"]
[Black "Fritsch, Juergen"]
[Result "0-1"]
[WhiteElo "1770"]
[BlackElo "1840"]

1.e4 d5 2.exd5 Qxd5 3.Nc3 Qd8 4.Bc4 g6 5.Qf3 Nh6 6.d3 Nf5 7.Nge2 Bg7 8.g4 Nd6
9.Bb3 O-O 10.Be3 Bd7 11.O-O-O Bc6 12.Bd5 e6 13.Bxc6 Nxc6 14.Qh3 a5 15.Bh6 a4
16.a3 b5 17.Bxg7 Kxg7 18.f4 b4 19.Nb1 bxa3 20.Nxa3 Qe7 21.Qe3 Ra5 22.Qd2 Rc5
23.Nc3 Nd4 24.Nxa4 Nb3+ 25.Kb1 Nxd2+ 26.Rxd2 Rd5 27.h4 Ne4 28.Rg2 Nf6 29.h5 Rb8
30.Nc4 Qb4 31.Nc3 Qxc3  0-1

[Event "Wattens op"]
[Site "Wattens"]
[Date "1993.??.??"]
[Round "?"]
[White "Hofmann, Matthias"]
[Black "Luchner, Wolfgang"]
[Result "1-0"]
[WhiteElo "1775"]
[BlackElo "1775"]

1.e4 d5 2.exd5 Qxd5 3.Nc3 Qd8 4.d4 c6 5.Bc4 Bf5 6.Nf3 e6 7.O-O Nf6 8.Re1 Be7
9.Bg5 Nbd7 10.Ne2 h6 11.Bh4 g5 12.Bg3 Nd5 13.Bd3 Bg4 14.Ne5 Nxe5 15.Bxe5 f6
16.Bg6+ Kd7 17.Bg3 Bd6 18.Bxd6 Kxd6 19.h3 Bxe2 20.Qxe2 Nf4 21.Qc4 Nxg6 22.Qxe6+ Kc7
23.Qf7+ Qd7 24.Qxg6 Raf8 25.Qd3 Kb8 26.Re3 h5 27.Rae1 Rf7 28.c3 h4 29.Qe2 Rhh7
30.Qc4 Re7 31.Qe2 Reg7 32.Re8+ Kc7 33.Qe6 g4 34.Qxd7+ Kxd7 35.hxg4 Rxg4 36.R8e4 Rg6
37.Rf4 h3 38.g3 h2+ 39.Kh1 Rgh6 40.Ree4 Kd6 41.f3 Kd5 42.Rh4 Rxh4 43.Rxh4 Re7
44.Rxh2 Kc4 45.Rf2 a5 46.Kg2 a4 47.a3 Re1 48.g4 Rb1 49.f4 Kb3 50.g5 fxg5
51.fxg5 Rxb2 52.Rxb2+ Kxb2 53.g6 Kxa3 54.g7 Kb2 55.g8=Q a3 56.Qc4 a2 57.Qb4+ Ka1
58.Qxb7 c5 59.Qb3 cxd4 60.Qxa2+ Kxa2 61.cxd4  1-0

[Event "Zalakaros op"]
[Site "Zalakaros"]
[Date "1993.??.??"]
[Round "8"]
[White "Grabics, Monika"]
[Black "Shulman, Leonid"]
[Result "1/2-1/2"]
[WhiteElo "2185"]
[BlackElo "2280"]

1.e4 d5 2.exd5 Qxd5 3.Nc3 Qd8 4.d4 g6 5.Nf3 Bg7 6.Bf4 Nh6 7.Qd2 Nf5 8.O-O-O O-O
9.g4 Nd6 10.Rg1 Nd7 11.Bh6 Nf6 12.Bxg7 Kxg7 13.Ne5 c6 14.h4 Qa5 15.h5 Be6
16.Bd3 Nd5 17.Nxd5  1/2-1/2

[Event "Oberliga Bayern9394"]
[Site "Bayern"]
[Date "1994.??.??"]
[Round "?"]
[White "Bauer, Andreas"]
[Black "Sattler, Stefan"]
[Result "1/2-1/2"]
[WhiteElo "2120"]
[BlackElo "2120"]

1.e4 d5 2.exd5 Qxd5 3.Nc3 Qd6 4.d4 Nf6 5.Nf3 a6 6.Be2 Nbd7 7.O-O e6 8.Bg5 b5
9.a3 Bb7 10.Re1 Be7 11.Qd2 O-O 12.Bf4 Qb6 13.Ne5 Rad8 14.Qe3 c5 15.dxc5 Bxc5
16.Qg3 Nxe5 17.Bxe5 Bd6 18.Rad1 Bxe5 19.Qxe5 h6 20.Rd3 Rxd3 21.Bxd3 Rd8 22.h3 Qd6
23.Qxd6 Rxd6 24.f3 Kf8 25.Kf2 Ke7 26.Ke3 Kd8 27.Re2 Rd7 28.Rd2 Kc7 29.Be2 Rxd2
30.Kxd2 Kd6 31.Ke3 e5 32.Bd3 g6 33.g3 Nh5 34.Ne2 f5 35.g4 Ng7 36.c4 Bc6 37.cxb5 Bxb5
38.b4 Bxd3 39.Kxd3 Ne6 40.h4 fxg4 41.fxg4  1/2-1/2